<?xml version="1.0" encoding="UTF-8"?>
<collection xmlns="http://www.loc.gov/MARC21/slim">
 <record>
  <leader>00560nam a22001455a 4500</leader>
  <controlfield tag="001">EEA.libagro003931</controlfield>
  <controlfield tag="005">20190509115836.0</controlfield>
  <controlfield tag="008">130809s1985####ag#a##########000#0#spa#d</controlfield>
  <datafield tag="082" ind1="0" ind2="4">
   <subfield code="a">551.5271</subfield>
  </datafield>
  <datafield tag="100" ind1="1" ind2=" ">
   <subfield code="a">Cuello, Pedro.</subfield>
  </datafield>
  <datafield tag="245" ind1="1" ind2="0">
   <subfield code="a">Incidencia de la heliofania en el comportamiento estacional de la radiación solar /</subfield>
   <subfield code="c">Pedro Cuello, Roberto Petit de Meurville.</subfield>
  </datafield>
  <datafield tag="260" ind1=" " ind2=" ">
   <subfield code="a">Santa Rosa :</subfield>
   <subfield code="b">Universidad Nacional de La Pampa,</subfield>
   <subfield code="c">1985.</subfield>
  </datafield>
  <datafield tag="300" ind1=" " ind2=" ">
   <subfield code="a">7 p. :</subfield>
   <subfield code="b">il. ;</subfield>
   <subfield code="c">28 cm.</subfield>
  </datafield>
  <datafield tag="700" ind1="1" ind2=" ">
   <subfield code="a">Petit de Meurville, Roberto.</subfield>
  </datafield>
  <datafield tag="859" ind1=" " ind2=" ">
   <subfield code="a">AR-BbBCA</subfield>
   <subfield code="b">BIB. AGRONOMIA</subfield>
   <subfield code="h">551.5271</subfield>
   <subfield code="i">C965</subfield>
   <subfield code="p">1988/1169</subfield>
  </datafield>
 </record>
</collection>
